verschiedene Zelltypen von Porifera - Statistiken

Allgemein
  • Dieses Quiz wurde 17 mal gespielt
  • Das Durchschnittsergebnis liegt bei 6 aus 9
Antwortstatistiken
Bildquiz Antwort % Korrekt
1. Porozyte
100%
5. Mesohyl
100%
2. Archaeozyte
67%
4. Choanoderm
67%
7. Pinacozyte
67%
9. Sklerozyten
67%
3. Choanozyte (Kragengeisselzelle)
33%
6. Pinacoderm
33%
8. Spicula (Schwammnadel)
33%
Keine übereinstimmenden Quizze gefunden
Verteilung der Resultate
Anzahl Personen mit jedem Resultat
Perzentil nach korrekt beantworteten Fragen
Ihre Resultats-Entwicklung
Sie haben dieses Quiz noch nicht gespielt